Es mío = (Record no. 20780)

MARC details
000 -LEADER
fixed length control field 01635cam a2200493 a 4500
001 - CONTROL NUMBER
control field sjds1093044
003 - CONTROL NUMBER IDENTIFIER
control field sjds
005 - DATE AND TIME OF LATEST TRANSACTION
control field 20180524173659.0
008 - FIXED-LENGTH DATA ELEMENTS--GENERAL INFORMATION
fixed length control field 060614t20052005nyua j 000 1 spa
010 ## - LIBRARY OF CONGRESS CONTROL NUMBER
LC control number 2006277740
020 ## - INTERNATIONAL STANDARD BOOK NUMBER
International Standard Book Number 0439783704 (pbk.)
020 ## - INTERNATIONAL STANDARD BOOK NUMBER
International Standard Book Number 9780439783705 (pbk.)
Terms of availability $3.99
035 ## - SYSTEM CONTROL NUMBER
System control number 315512
035 ## - SYSTEM CONTROL NUMBER
System control number (OCoLC)61835416
035 ## - SYSTEM CONTROL NUMBER
System control number 315512
040 ## - CATALOGING SOURCE
Original cataloging agency DLC
Transcribing agency DLC
Modifying agency DAJ
-- BAKER
-- NPL
-- UtOrBLW
041 0# - LANGUAGE CODE
Language code of text/sound track or separate title eng
-- spa
049 ## - LOCAL HOLDINGS (OCLC)
Holding library IFAA
099 ## - LOCAL FREE-TEXT CALL NUMBER (OCLC)
Filing suffix 2005
999 ## - SYSTEM CONTROL NUMBERS (KOHA)
Koha Dewey Subclass [OBSOLETE] ESPANOL PICTURE BOOKS MUNOZ 2005
100 1# - MAIN ENTRY--PERSONAL NAME
Personal name Muñoz, Isabel,
Relator term author.
245 10 - TITLE STATEMENT
Title Es mío =
Remainder of title It's mine /
Statement of responsibility, etc. [by Isabel Muñoz ; illustrations, Gustavo Mazali].
246 31 - VARYING FORM OF TITLE
Title proper/short title It's mine
246 3# - VARYING FORM OF TITLE
Title proper/short title It is mine
260 ## - PUBLICATION, DISTRIBUTION, ETC. (IMPRINT)
Place of publication, distribution, etc. New York :
Name of publisher, distributor, etc. Scholastic Inc.,
Date of publication, distribution, etc. c2005
264 #1 - PRODUCTION, PUBLICATION, DISTRIBUTION, MANUFACTURE, AND COPYRIGHT NOTICE
Place of production, publication, distribution, manufacture New York :
Name of producer, publisher, distributor, manufacturer Scholastic Inc.,
Date of production, publication, distribution, manufacture, or copyright notice [2005]
264 #4 - PRODUCTION, PUBLICATION, DISTRIBUTION, MANUFACTURE, AND COPYRIGHT NOTICE
Date of production, publication, distribution, manufacture, or copyright notice c2005
300 ## - PHYSICAL DESCRIPTION
Extent 1 volume (unpaged) :
Other physical details color illustrations ;
Dimensions 21 cm.
336 ## - CONTENT TYPE
Content type term text
Content type code txt
Source rdacontent
337 ## - MEDIA TYPE
Media type term unmediated
Media type code n
Source rdamedia
338 ## - CARRIER TYPE
Carrier type term volume
Carrier type code nc
Source rdacarrier
490 1# - SERIES STATEMENT
Series statement Eric & Julieta
520 ## - SUMMARY, ETC.
Summary, etc. Eric and Julieta get into lots of trouble while drawing with crayons.
521 8# - TARGET AUDIENCE NOTE
Target audience note AD 130
Source Lexile
526 0# - STUDY PROGRAM INFORMATION NOTE
Program name Accelerated Reader
Interest level LG
Reading level 1.1
Title point value 0.5
Public note 106970
546 ## - LANGUAGE NOTE
Language note In English and in Spanish.
650 #0 - SUBJECT ADDED ENTRY--TOPICAL TERM
Topical term or geographic name as entry element Brothers and sisters
Form subdivision Juvenile fiction.
650 #0 - SUBJECT ADDED ENTRY--TOPICAL TERM
Topical term or geographic name as entry element Spanish language materials
General subdivision Bilingual
Form subdivision Juvenile literature.
650 #7 - SUBJECT ADDED ENTRY--TOPICAL TERM
Topical term or geographic name as entry element Hermanos
Form subdivision Novela juvenil.
Source of heading or term bidex
650 #7 - SUBJECT ADDED ENTRY--TOPICAL TERM
Topical term or geographic name as entry element Materiales bilingües en español
Form subdivision Literatura juvenil.
Source of heading or term bidex
700 1# - ADDED ENTRY--PERSONAL NAME
Personal name Mazali, Gustavo,
Relator term illustrator.
830 #0 - SERIES ADDED ENTRY--UNIFORM TITLE
Uniform title Eric & Julieta.
942 ## - ADDED ENTRY ELEMENTS (KOHA)
Koha item type Libro/Book
Holdings
Withdrawn status Lost status Damaged status Not for loan Home library Current library Date acquired Inventory number Total Checkouts Full call number Barcode Date last seen Price effective from Koha item type Shelving location Total Renewals Date checked out
        Azul y Blanco -- Satellite Azul y Blanco -- Satellite 15/04/2019 inventory date: 22-1-25   JI 35200216 15/04/2019 15/04/2019 Libro/Book      
        San Juan Del Sur -- Biblioteca San Juan Del Sur -- Biblioteca 03/04/2024 inventory last seen Jan 2025 3 JI BILINGUE 30028933 06/01/2026 03/04/2024 Libro/Book Children's Area 2 18/12/2025

Powered by Koha